| 000 | 00444nam a2200181Ia 4500 | ||
|---|---|---|---|
| 003 | OSt | ||
| 005 | 20260212101458.0 | ||
| 020 | _a0-531-05962-6 | ||
| 040 | _cLC | ||
| 050 |
_aPZ 7 .F 838 F 69 1991 _bC.1 |
||
| 100 | _aFOX, PAULA | ||
| 245 | 0 | _aMONKEY ISLAND | |
| 260 |
_aNEW YORK, _bORCHARD BOOKS, _c1991, |
||
| 300 | _a 151 P, ILL | ||
| 500 | _aBibliography | ||
| 650 | _aHOMELESS PERSONS -FICTION, NEW YORK-FICTION | ||
| 942 |
_cBK _2lcc |
||
| 999 |
_c181095 _d181095 |
||